| 000 | 00545nam a2200169 i 4500 | ||
|---|---|---|---|
| 001 | 71801 | ||
| 003 | ES-MaACL | ||
| 005 | 20230906171231.0 | ||
| 007 | t| | ||
| 008 | 040818s1910 it ||||1| ita d | ||
| 100 | 1 |
_aGiambullari, Pier Francesco. _956603 |
|
| 245 | 1 | 0 |
_aStoria d'Europa / _cPier Francesco Giambullari ; con introduzione e commento di G. Marangani. |
| 260 |
_aMilano : _b[s.n., _c1910] ( _fStabilimenti Riuniti d'Arti Grafiche) |
||
| 300 |
_aLX, 458 p. ; _c19 cm. |
||
| 700 | 1 |
_aMarangani, G. _976300 |
|
| 852 |
_aES-MaACL _jF-11417 |
||
| 999 |
_c71801 _d71801 |
||